[Event "Ustron op-B"]
[Site "Ustron"]
[Date "2022.08.14"]
[Round "3"]
[White "Borowik, Wojciech"]
[Black "Wojdak, Jan"]
[Result "1-0"]
[WhiteElo "1854"]
[BlackElo "1986"]
[PlyCount "89"]
[EventDate "2022.08.12"]
[EventType "swiss"]
[EventRounds "9"]
[EventCountry "POL"]
[SourceTitle "CBM 209 Extra"]
[Source "ChessBase"]
[SourceDate "2022.09.30"]
[SourceVersion "1"]
[SourceVersionDate "2022.09.30"]
[SourceQuality "1"]

1. d4 Nf6 2. c4 g6 3. g3 Bg7 4. Bg2 d5 5. cxd5 Nxd5 6. Nf3 Nb6 7. 0-0 Nc6 8. e3 0-0 9. Nc3 Re8 10. b3 Bf5 11. Bb2 Qd7 12. Qd2 Bh3 13. Ne4 Bxg2 14. Kxg2 Rad8 15. Nc5 Qc8 16. Nd3 a5 17. Qe2 Qf5 18. Rfd1 Qb5 19. Rac1 Nd5 20. Rc5 Qa6 21. a3 Nb6 22. Qc2 e6 23. b4 Qa8 24. b5 Ne7 25. e4 c6 26. Nde5 cxb5 27. Rxb5 Nbc8 28. Nxf7 Kxf7 29. Ng5+ Kg8 30. Nxe6 Nd6 31. Nxd8 Rxd8 32. Rb6 Nec8 33. Rb3 Re8 34. f3 b5 35. d5 Qa7 36. Bxg7 Qxg7 37. Qc6 Re7 38. Rc1 Qe5 39. Qa6 Re8 40. Qxa5 g5 41. Qc3 Qe7 42. Qd4 g4 43. Re1 gxf3+ 44. Rxf3 Nxe4 45. Rf4 1-0

[Event "POL-ch U14"]
[Site "Uniejow"]
[Date "2021.07.20"]
[Round "2"]
[White "Borowik, Wojciech"]
[Black "Sniadecki, Oskar"]
[Result "0-1"]
[WhiteElo "1736"]
[BlackElo "1488"]
[PlyCount "84"]
[EventDate "2021.07.18"]
[EventType "swiss"]
[EventRounds "9"]
[EventCountry "POL"]
[SourceTitle "EXT 2022"]
[Source "ChessBase"]
[SourceDate "2021.10.06"]
[SourceVersion "1"]
[SourceVersionDate "2021.10.06"]
[SourceQuality "1"]

1. d4 Nf6 2. Nf3 c5 3. d5 d6 4. c4 g6 5. Nc3 Bg7 6. g3 0-0 7. Bg2 Bg4 8. h3 Bxf3 9. Bxf3 Nbd7 10. Bf4 Nb6 11. Qb3 Qd7 12. Bg2 Rad8 13. 0-0 e5 14. Bd2 Nh5 15. Ne4 h6 16. Ba5 f5 17. Nc3 e4 18. e3 g5 19. Kh2 Nf6 20. Bxb6 axb6 21. Qxb6 h5 22. Nb5 h4 23. gxh4 g4 24. Nc7 gxh3 25. Bxh3 Ng4+ 26. Kg2 Rf6 27. Ne6 Re8 28. Qc7 Qxc7 29. Nxc7 Re7 30. Ne6 Ne5 31. b3 Nf3 32. Rad1 Rg6+ 33. Ng5 Nxh4+ 34. Kg3 Rxg5+ 35. Kxh4 Bf6 36. Bxf5 Rxf5+ 37. Kg4 Rf3 38. Rh1 Rg7+ 39. Kh5 Rf5+ 40. Kh6 Bg5+ 41. Kh5 Bxe3+ 42. Kh4 Bxf2+ 0-1

[Event "EU-ch U08 26th"]
[Site "Prague"]
[Date "2016.08.22"]
[Round "5"]
[White "Borowik, Wojciech"]
[Black "Todev, Simeon"]
[Result "1-0"]
[WhiteElo "1347"]
[BlackElo "1498"]
[PlyCount "39"]
[EventDate "2016.08.18"]
[EventType "swiss"]
[EventRounds "9"]
[EventCountry "CZE"]
[SourceTitle "CBM 174 Extra"]
[Source "ChessBase"]
[SourceDate "2016.10.10"]
[SourceVersion "1"]
[SourceVersionDate "2016.10.10"]
[SourceQuality "1"]

1. d4 Nf6 2. c4 c5 3. Nf3 cxd4 4. Nxd4 g6 5. Nc3 Bg7 6. Bg5 d6 7. e3 0-0 8. Bd3 Nc6 9. Nxc6 bxc6 10. 0-0 Bb7 11. Qc2 Rc8 12. Rac1 Qd7 13. h3 d5 14. c5 e5 15. Bxf6 Bxf6 16. Rfd1 e4 17. Be2 Qe7 18. b4 g5 19. a4 a5 20. Re1 1-0